| 000 | 00908nam a2200289 4500 | ||
|---|---|---|---|
| 003 | EG-GICUC | ||
| 005 | 20260330131006.0 | ||
| 008 | 260330s1955 -ukb|||fr|||| 00| 0 eng d | ||
| 040 |
_aEG-GiCUC _beng _cEG-GiCUC _dEG-GiCUC _erda |
||
| 041 | 0 | _aeng | |
| 082 | 0 | 4 |
_221 _a341.28043 _bOP . D |
| 092 | 0 | 4 | _221 |
| 099 | _aLaw1 11 341.28043 OP . D 1955 | ||
| 100 | 1 |
_aOppen, Beath Ruhm Von _eAuthor. |
|
| 245 | 1 | 0 |
_aDocuments on germany under occupation 1945 - 1954 / _cBeath Ruhm Von Oppen. |
| 264 | 1 |
_aLondon : _bOxford University Press, _c1955. |
|
| 300 |
_a660 pages ; _c24 cm |
||
| 336 |
_2rda content _atext |
||
| 337 |
_2rda media _aComputer |
||
| 338 |
_2rda carrier _aOnline Resource |
||
| 504 | _aIncludes index. | ||
| 546 | _aText in English | ||
| 650 | 1 | 4 | _aPublic international law |
| 856 | 4 | 0 | _uhttps://fll.law.cu.edu.eg/fulltext/bks/B11-06643.pdf |
| 905 | _a30 | ||
| 942 |
_2ddc _cBK _e21 _n0 |
||
| 999 |
_c67565 _d67565 |
||